How to be an even better manager (Record no. 108126)

MARC details
000 -LEADER
fixed length control field 02403cam a22002655a 4500
001 - CONTROL NUMBER
control field L143340
008 - FIXED-LENGTH DATA ELEMENTS--GENERAL INFORMATION
fixed length control field 080428s2008 xxk f 001 0 eng d
020 ## - INTERNATIONAL STANDARD BOOK NUMBER
International Standard Book Number 9780749451639
035 ## - SYSTEM CONTROL NUMBER
System control number (Sirsi) u143340
041 0# - LANGUAGE CODE
Language code of text/sound track or separate title eng
050 04 - LIBRARY OF CONGRESS CALL NUMBER
Classification number 658 $2 18
100 1# - MAIN ENTRY--PERSONAL NAME
Personal name Armstrong, Michael
245 00 - TITLE STATEMENT
Title How to be an even better manager
Remainder of title a complete a-z of proven techniques & essential skills
250 ## - EDITION STATEMENT
Edition statement 7th ed.
260 ## - PUBLICATION, DISTRIBUTION, ETC.
Place of publication, distribution, etc. London
Name of publisher, distributor, etc. Kogan Page
Date of publication, distribution, etc. 2008
300 ## - PHYSICAL DESCRIPTION
Extent xi, 342p.
Dimensions 22cm.
350 ## - PRICE (NR) (BK AM CF MU VM SE) [OBSOLETE]
Price 11.99
505 2# - FORMATTED CONTENTS NOTE
Formatted contents note How to be a better manager -- How to be assertive -- How to communicate -- How to coach -- How to coordinate -- How to achieve continuous improvement -- How to control -- How to be creative -- How to be decisive -- How to delegate -- How to delight customers -- How to develop your emotional intelligence -- How to develop people -- How to get on -- How to handle difficult people and negative behaviour -- How to influence people -- How to interview -- How to be interviewed -- How to be a better leader -- How to make a business case -- How to make things happen -- How to manage your boss -- How to manage change -- How to manage conflict -- How to manage a crisis
505 2# - FORMATTED CONTENTS NOTE
Formatted contents note How to manage performance -- How to manage projects -- How to manage risk -- How to maange strategically -- How to manage stress -- How to manage systems and processes -- How to manage time -- How to manage under-performers -- How to prepare a business plan -- How to recover from setbacks -- How to run and participate in effective meetings -- How to motivate people -- How to negotiate -- How to network -- How to set objectives -- How to deal with office politics -- How to organize -- How to plan -- How to make effective presentations -- How to prioritize -- How to solve problems -- How to be an effective team leader -- How to think clearly -- How things go wrong and how to put them right -- How to write reports
520 ## - SUMMARY, ETC.
Summary, etc. This practical management guide covers selected areas of management in specific and relevant terms. Each are is self-contained, but they can broadly be grouped into: managing people; managing activities and processes and managing and developing yourself. Provides guidelines for developing managerial knowledge and skills.
521 ## - TARGET AUDIENCE NOTE
Target audience note Advanced
651 #4 - SUBJECT ADDED ENTRY--GEOGRAPHIC NAME
Geographic name United Kingdom
Chronological subdivision
690 ## - LOCAL SUBJECT ADDED ENTRY--TOPICAL TERM (OCLC, RLIN)
Topical term or geographic name as entry element MANAGEMENT-BUSINESS MANAGEMENT-PROFESSIONAL PRACTICE
942 ## - ADDED ENTRY ELEMENTS (KOHA)
Suppress in OPAC 0
Holdings
Withdrawn status Lost status Source of classification or shelving scheme Damaged status Not for loan Home library Current library Shelving location Date acquired Cost, normal purchase price Total Checkouts Full call number Barcode Date last seen Date last checked out Copy number Cost, replacement price Price effective from Koha item type
    Dewey Decimal Classification     London London Books 30/07/2008 11.99 6 658 ARM 30074920 06/08/2019 27/07/2009 1 11.99 06/08/2019 Book